Beowulf : (Record no. 10438)
[ view plain ]
| 000 -LEADER | |
|---|---|
| fixed length control field | 02192cam a2200313 a 4500 |
| 001 - CONTROL NUMBER | |
| JCCL Control Number | 10438 |
| 003 - CONTROL NUMBER IDENTIFIER | |
| JCCL marc code | BD-JhCC |
| 005 - DATE AND TIME OF LATEST TRANSACTION | |
| control field | 20180520112040.0 |
| 008 - FIXED-LENGTH DATA ELEMENTS--GENERAL INFORMATION | |
| fixed length control field | 180426s1966 maua b 001 0 eng |
| 020 ## - INTERNATIONAL STANDARD BOOK NUMBER | |
| International Standard Book Number | 0822002280 |
| 035 ## - SYSTEM CONTROL NUMBER | |
| system control number | (BD-JhCC)10438 |
| 040 ## - CATALOGING SOURCE | |
| Original cataloging agency | DLC |
| Transcribing agency | DLC |
| Modifying agency | DLC |
| -- | BD-JhCC |
| 041 ## - LANGUAGE CODE | |
| Language code of Book | eng |
| 050 00 - LIBRARY OF CONGRESS CALL NUMBER | |
| Classification number | PR1585 |
| Item number | .N54 1983 |
| 082 00 - DEWEY DECIMAL CLASSIFICATION NUMBER | |
| Classification number | 829/.3 |
| DDC Edition number | 19 |
| Author mark and Year | GRA 1966 |
| 100 1# - MAIN ENTRY--PERSONAL NAME | |
| Personal name | Graf, Nanette |
| 245 10 - TITLE STATEMENT | |
| Title | Beowulf : |
| Remainder of title | notes / |
| Statement of responsibility, etc | Nanette Graf, |
| 260 ## - PUBLICATION, DISTRIBUTION, ETC. (IMPRINT) | |
| Place of publication, distribution, etc | Uited State : |
| Name of publisher, distributor, etc | Cliff's Notes, |
| Date of publication, distribution, etc | 1966. |
| 300 ## - PHYSICAL DESCRIPTION | |
| Pagination | 59 p. : |
| Dimensions | 22 cm. |
| 520 ## - SUMMARY, ETC. | |
| Summary, etc | The original CliffsNotes study guides offer expert commentary on major themes, plots, characters, literary devices, and historical background. The latest generation of titles in this series also features glossaries and visual elements that complement the classic, familiar format.<br/>CliffsNotes on Beowulf takes you into the epic story of warriors and strange beasts. Beowulf is considered to be the longest and greatest surviving Anglo-Saxon poem. Some see it as an early celebration of Christianity. Others think it extols—or perhaps condemns—heroic values.<br/><br/>Step into this epic poem and get ready for sword fights, feasts, and treasures. With this study guide, you’ll be able to follow all of the action as you consider the artistic impact of the work. You'll also gain insight into the characteristics of the unknown poet and the manuscript itself. Other features that help you study include<br/><br/>Character analyses of major players<br/>A character map that graphically illustrates the relationships among the characters<br/>Critical essays<br/>A review section that tests your knowledge<br/>A Resource Center full of books, articles, films, and Internet sites<br/>Classic literature or modern-day treasure—you'll understand it all with expert information and insight from CliffsNotes study guides. |
| 650 #0 - SUBJECT ADDED ENTRY--TOPICAL TERM | |
| Topical term or geographic name as entry element | Epic poetry, English (Old) |
| General subdivision | History and criticism. |
| 650 #0 - SUBJECT ADDED ENTRY--TOPICAL TERM | |
| Topical term or geographic name as entry element | Civilization, Anglo-Saxon, in literature |
| 650 #0 - SUBJECT ADDED ENTRY--TOPICAL TERM | |
| Topical term or geographic name as entry element | Oral tradition |
| Geographic subdivision | England |
| General subdivision | History |
| Chronological subdivision | To 1500. |
| 650 #0 - SUBJECT ADDED ENTRY--TOPICAL TERM | |
| Topical term or geographic name as entry element | Monsters in literature. |
| 650 #0 - SUBJECT ADDED ENTRY--TOPICAL TERM | |
| Topical term or geographic name as entry element | Rhetoric, Medieval. |
| 651 #0 - SUBJECT ADDED ENTRY--GEOGRAPHIC NAME | |
| Geographic name | Scandinavia |
| General subdivision | In literature. |
| 942 ## - ADDED ENTRY ELEMENTS (KOHA) | |
| Source of classification or shelving scheme | Dewey Decimal Classification |
| Koha item type | Books |
| Source of classification or shelving scheme | Damaged status | Not for loan | Home library | Current library | Shelving location | Total Checkouts | Full call number | Barcode | Date last seen | Copy number | Koha item type | Date of accession | Cost, normal purchase price |
|---|---|---|---|---|---|---|---|---|---|---|---|---|---|
| Dewey Decimal Classification | JCC Rouf Library | JCC Rouf Library | General Stacks | 829/.3 GRA1966 | 13876 | 04/26/2018 | C-1 | Books | |||||
| Dewey Decimal Classification | JCC Rouf Library | JCC Rouf Library | General Stacks | 829/.3 GRA1966 | 13875 | 04/26/2018 | C-2 | Books | |||||
| Dewey Decimal Classification | JCC Rouf Library | JCC Rouf Library | General Stacks | 829/.3 GRA1966 | 13874 | 04/26/2018 | C-3 | Books | |||||
| Dewey Decimal Classification | JCC Rouf Library | JCC Rouf Library | General Stacks | 829/.3 GRA 1966 | 14020 | 04/30/2018 | C-4 | Books | 04/30/2018 | 1.00 | |||
| Dewey Decimal Classification | JCC Rouf Library | JCC Rouf Library | General Stacks | 829/.3 GRA 1966 | 14019 | 04/30/2018 | C-5 | Books | 04/30/2018 | 1.00 |